Udržateľnosť vybraného podniku v zložitom podnikateľskom prostredí diplomová práca

Na minha lista:
Detalhes bibliográficos
Autor principal: Grúberová, Michaela
Autor Corporativo: Fakulta podnikového manažmentu EU. Katedra manažmentu
Outros Autores: Mišúnová Hudáková, Ivana, 1976-
Formato: Livro
Idioma:eslovaco
Publicado em: Bratislava 2025
Tags: Adicionar Tag
Sem tags, seja o primeiro a adicionar uma tag!

MARC

LEADER 00000nbm a2200000 4500
001 0309929
005 20260219132450.4
041 0 |a slo 
044 |a SK 
245 1 0 |a Udržateľnosť vybraného podniku v zložitom podnikateľskom prostredí  |b diplomová práca  |c Michaela Grúberová ; školiteľ: Ivana Mišúnová Hudáková 
264 1 |a Bratislava  |c 2025 
300 |a 78 s. 
100 1 |a Grúberová, Michaela 
700 1 |a Mišúnová Hudáková, Ivana, 1976- 
710 2 |a Fakulta podnikového manažmentu EU. Katedra manažmentu